| 000 | 00668nam a22001817a 4500 | ||
|---|---|---|---|
| 999 |
_c177900 _d177900 |
||
| 005 | 20210310112910.0 | ||
| 010 | _aENG-129197 | ||
| 020 |
_a978-81-215-1353-1 _c595.00 |
||
| 035 | _aEN-112729 | ||
| 037 | _bDBAD/PUB | ||
| 082 | _a294.34350954 | ||
| 100 | _aSingh, Rajesh Kumar | ||
| 245 |
_aEarly Hunnic Invadions and abandonment of Buddhist Temples in India/ _cRajesh Kumar Singh |
||
| 260 |
_aNew Delhi _bMunshiram Manoharlal Publishers Pvt. Ltd. _c2021 |
||
| 270 |
_bNew Delhi _e110055 _aPO Box 5715,54 Rani Jhansi Road |
||
| 300 |
_a93p. _c22cm(hbk) _bIncluding Index,bibliographical reference and tables |
||
| 942 |
_2ddc _cEN _h294.34350954 _mSIN |
||